Same, but different #24 - Statistics

General Stats
  • This quiz has been taken 18 times
  • The average score is 9 of 14
Answer Stats
Clues Answer % Correct
A division of the calendar, or a brown edible fruit Date
93%
A chess piece, or, a type of shop, where items of value can be hocked Pawn
93%
Judy's other half, or, to strike with the fist Punch
93%
A pointy thing, sticking out of a birds head, or, slang for a Judge Beak
79%
The brown wire, in a three-pin plug, or, used to describe, performances 'in-person', 'here and now', concerts etc Live
79%
A small hatchback car, made by Austin Rover, or a shortened version of metropolitan, referring to inner-city etc Metro
79%
A sliver of wood, piercing the skin, very painful! Preceding 'cell', to mean loose canons, dangerous extremists perhaps? Splinter
79%
A small, rear-engined car, made by Hillman, or, a tiny, black, throat lozenge Imp
71%
To mix/fuse together, or when placed before 'harvester', is a piece of farm machinery, made famous by the Wurzels Combine
64%
Mint _____, a white, round sweet, or, units of measurement, pre-dating metric Imperial
64%
Pizzicato, is the musical notation, to play in this manner, or, it is something, one may do to a birds feathers Pluck
57%
Can be attributed to a name, or a shotgun Double-barrelled
21%
The next car up, in size, to the last question, so a larger hatchback car, or, a word, which often follows 'music', ie, instructing the musicians to begin playing Maestro
21%
A model of Diesel train, first introduced in the 80s by BR, or another word for a 'runner' Sprinter
21%
No matching quizzes found
Score Distribution
Percent of People with Each Score
Percentile by Number Answered
Your Score History
You have not taken this quiz